Movies Quiz

Random Movies or Actress Quiz

Jumbled Old Movie Stars Quiz Stats

 Plays Quiz Updated Jun 26, 2019

Score 0/30 Timer 09:00
1 Play Today
Jumbled Name Answer % Correct
Vevini GhielVivien Leigh
90.3%
Hempyruh GorbtaHumphrey Bogart
89.9%
Rikk SlagdouKirk Douglas
88.9%
Honj NaweyJohn Wayne
88.6%
Ele J. BocbLee J. Cobb
88.6%
Sajem NadeJames Dean
88.5%
Nyot SticurTony Curtis
87.6%
Orlanm ObdranMarlon Brando
87%
Majes WarstetJames Stewart
86.1%
Mik VankoKim Novak
85.1%
Nala DaldAlan Ladd
84.4%
Noors SwelleOrson Welles
83.8%
Lyirman OrmoneMarilyn Monroe
82.8%
Uly NebryrnYul Brynner
81.3%
Laniate DowoNatalie Wood
81.1%
Jumbled Name Answer % Correct
Nejta GhielJanet Leigh
80.9%
Dirgin GramnebIngrid Bergman
80.4%
Nena ExtarbAnne Baxter
79.9%
Toberr MimuchtRobert Mitchum
76.4%
Eebtzhail OrlatyElizabeth Taylor
74.7%
Sajem SomnaJames Mason
74.4%
Milliaw LodhneWilliam Holden
72.7%
Arabrab TackywsnBarbara Stanwyck
70.3%
Bibede NordyselDebbie Reynolds
69.1%
Ord OrlatyRod Taylor
68.9%
Shopej TontecJoseph Cotten
65.1%
Notchlar ShotenCharlton Heston
51.3%
Nada WanserdDana Andrews
48.5%
Ryma SotarMary Astor
47.1%
Reegog AssrendGeorge Sanders
45.1%

You're not logged in!

Compare scores with friends on all Sporcle quizzes.
OR
Log In

Sporcle TV

Today on Sporcle TV


Watch our educational content, quiz creation guides, and fun videos on Sporcle TV.

Show Comments

Extras

Top Quizzes Today


Score Distribution

Your Account Isn't Verified!

In order to create a playlist on Sporcle, you need to verify the email address you used during registration. Go to your Sporcle Settings to finish the process.

Report this User

Report this user for behavior that violates our Community Guidelines.

Details: